Real world, pretend universities (Record no. 75687)
[ view plain ]
| 000 -CABECERA | |
|---|---|
| campo de control de longitud fija | 00600nam a2200241 a 4500 |
| 005 - FECHA Y HORA DE LA ÚLTIMA TRANSACCIÓN | |
| campo de control | 20210219153405.0 |
| 008 - ELEMENTOS DE LONGITUD FIJA--INFORMACIÓN GENERAL | |
| campo de control de longitud fija | 991125n 000 0 u |
| 035 ## - NÚMERO DE CONTROL DEL SISTEMA | |
| Número de control de sistema | UPN01000095840 |
| 100 ## - ASIENTO PRINCIPAL--NOMBRE PERSONAL | |
| Nombre de persona | Ericson, Jon |
| 222 ## - TÍTULO CLAVE | |
| Título clave | EDUCATIONAL RECORD |
| 245 ## - MENCIÓN DE TÍTULO | |
| Título | Real world, pretend universities |
| 300 ## - DESCRIPCIÓN FÍSICA | |
| Extensión | 43-48 |
| 362 ## - FECHAS DE PUBLICACIÓN Y/O DESIGNACIÓN SECUENCIAL | |
| Fecha de publicación y/o designación secuencial | 74, No. 1, 1993 |
| 505 ## - NOTA DE CONTENIDO CON FORMATO PREESTABLECIDO | |
| Nota de contenido con formato | Julio 1993 |
| 653 0# - TERMINO DE INDIZACION - NO CONTROLADO | |
| Término no controlado | ATLETAS |
| 653 0# - TERMINO DE INDIZACION - NO CONTROLADO | |
| Término no controlado | ATLETISMO ESCOLAR |
| 653 0# - TERMINO DE INDIZACION - NO CONTROLADO | |
| Término no controlado | NORMAS ACADEMICAS |
| 653 0# - TERMINO DE INDIZACION - NO CONTROLADO | |
| Término no controlado | PRIVACIDAD |
| 653 0# - TERMINO DE INDIZACION - NO CONTROLADO | |
| Término no controlado | REGISTRO DE ESTUDIANTES |
| 653 0# - TERMINO DE INDIZACION - NO CONTROLADO | |
| Término no controlado | REVELACION |
| 904 ## - ELEMENTOS DE DATOS D LOCAL, LDD (RLIN) | |
| a | AC |
| b | 033651 |
| 905 ## - TIPO DE MATERIAL | |
| Tipo de material | Articulo |
No items available.
